000 00599nam a22002057a 4500
003 Ost
005 20210226092233.0
008 210226b ||||| |||| 00| 0 eng d
020 _a9788120319028
040 _cBT-PhCST
050 _a5825-5827
082 _222
_a333.794
_bABB
100 _aAbbasi, S. A.
245 _aRenewable energy sources and their environmental impact /
260 _aNew Delhi :
_bPrentice Hall of India,
_c2006.
300 _ax, 162 p. :
_bill. ;
_c24 cm.
500 _aIncludes bibliographical references and index.
700 _aAbbasi, Naseema.
942 _2ddc
_cS & H
_04
999 _c3770
_d3770